000 00489nam a2200181Ia 4500
999 _c32250
_d32250
003 OSt
005 20200804104555.0
008 190216s9999||||xx |||||||||||||| ||und||
020 _a9788183712255
040 _coclc
082 _a511.5
_bGEE/G
100 _aGeetha, P
_93932
245 0 _aGraph Theory /
_cP Geetha
260 _bScitech Publications,
_c2009.
_aChennai:
300 _a124p
650 _aMathematics
942 _cBK
_2ddc
_h511.5
_iGEE/G
_k511.5
_mGEE/G